| 000 | 00845cab a2200253 4500 | ||
|---|---|---|---|
| 001 | WB3501-46 | ||
| 008 | 090401t1998 xxu||||| |||| 00| 0 eng d | ||
| 035 | _a(Sirsi) u90480 | ||
| 041 | _aeng | ||
| 245 | _aSuccession by a minor | ||
| 260 | _c1998 | ||
| 350 | _a0 | ||
| 490 |
_aEstates Gazette Case Summaries _v(1998) EGCS 179 (19/12/98) |
||
| 520 | _aIn "Kingston upon Thames Royal LBC v Prince and another", the Council appealed against a decision that a minor could succeed to a tenancy. Appeal dismissed. | ||
| 650 | _aHOUSING ACT 1985 | ||
| 650 | _aLOCAL AUTHORITIES | ||
| 650 | _aMINORS | ||
| 650 | _aPROPERTY-RESIDENTIAL PROPERTY-RESIDENTIAL LANDLORD AND TENANT-RESIDENTIAL TENANCIES | ||
| 650 | _aSECURE TENANCIES | ||
| 650 | _aSUCCESSION | ||
| 690 |
_aLandlord and tenant _96252 |
||
| 942 | _n0 | ||
| 948 | _c23/12/1998 | ||
| 999 |
_c57370 _d57370 |
||